Ek break ke baad/ (Record no. 12109)

000 -LEADER
fixed length control field 00373nam a22001571a 4500
020 ## - INTERNATIONAL STANDARD BOOK NUMBER
ISBN 9788126715299
082 ## - DEWEY DECIMAL CLASSIFICATION NUMBER
Classification number H3
Item number ALK/E
100 ## - MAIN ENTRY--AUTHOR NAME
Personal name Alka Saraogi
245 ## - TITLE STATEMENT
Title Ek break ke baad/
Statement of responsibility, etc by Alka Saraogi
260 ## - PUBLICATION, DISTRIBUTION, ETC. (IMPRINT)
Place of publication New Delhi:
Name of publisher Rajkamal,
Year of publication 2008.
300 ## - PHYSICAL DESCRIPTION
Number of Pages 215p.
650 ## - SUBJECT ADDED ENTRY--TOPICAL TERM
Topical Term Novel Hindi
650 ## - SUBJECT ADDED ENTRY--TOPICAL TERM
Topical Term Literature Hindi
650 ## - SUBJECT ADDED ENTRY--TOPICAL TERM
Topical Term Literature Hindi
942 ## - ADDED ENTRY ELEMENTS (KOHA)
Koha item type Book
Holdings
Withdrawn status Lost status Damaged status Not for loan Permanent Location Current Location Date acquired Cost, normal purchase price Full call number Accession Number Cost, replacement price Price effective from Koha item type
        Sree Sankaracharya University of Sanskrit Sree Sankaracharya University of Sanskrit 08.01.2015 250.00 H3 ALK/E 058762 0.00 08.01.2015 Book